Elden Ring: A to Z - Statistics

General Stats
  • This quiz has been taken 462 times
  • The average score is 11 of 26
Answer Stats
Hint Answer % Correct
Irina's disability B Blindness
87%
Jump button default on PS controllers X X Button
81%
Rennala's full title Q Queen of the Full Moon
75%
Location where the power of Great Runes can be unlocked D Divine Tower
73%
Tarnished that got closest to becoming Elden Lord V Vyke
67%
Earliest known Elden Lord P Placidusax
66%
Sentient pottery village J Jarburg
62%
Carian knight, rumoured to be an Albinauric, now loyal to Miquella L Loretta
59%
Aspects of this appear on the Misbegotten C The Crucible
57%
Race of people that Queen Marika belongs to N Numen
51%
His eyes were gouged out and he succumbed to the Flame of Frenzy S Shabriri
51%
Outer God that Mohg communes with F Formless Mother
47%
Type of gold that can stave off the Outer Gods U Unalloyed
44%
Yura's final target, the 'deadliest of all Bloody Fingers' E Eleonora
43%
Plant that grows in frenzy afflicted lands, Eye of _____ Y Yelough
37%
Relation of Maliketh to Queen Marika H Half-Brother
35%
The Erdtree's roots were linked to the roots of this tree G Greattree
30%
These are the Eternal Cities attempts at forging a new lord M Mimic Tears
30%
True name of Lady Tanith's daughter Z Zorayas
28%
Plant that is a symbol of faith to the Saint of the Cradlesong T Trina's Lily
26%
Prior occupation of White Mask Varré W War Surgeon
26%
Knight who captured Godefroy at the First Defence of Leyndell K Kristoff
18%
Weapon wielded by the twins each known only as D I Inseparable Sword
17%
Water phenomenon thought to be the origin of the Albinaurics R Ripples
10%
Conspectus of sorcery began by Sorcerer Lusat O Olivinus Conspectus
9%
Guardian who Adan stole the Flame of the Fell God from A Arganthy
8%
No matching quizzes found
Score Distribution
Percent of People with Each Score
Percentile by Number Answered
Your Score History
You have not taken this quiz